LEADER 01090nam0-2200325---450- 001 990009931270403321 005 20150206103145.0 010 $a978-88-222-6047-5 035 $a000993127 035 $aFED01000993127 035 $a(Aleph)000993127FED01 035 $a000993127 100 $a20150120d2012----km-y0itay50------ba 101 0 $aita 102 $aIT 105 $ay-------001yy 200 1 $aTeorie dell'analogia tra Irlanda e Inghilterra nel secolo XVIII$ela fine dell'unità della ragione$fFrancesco Campagnola 210 $aFirenze$cOlschki$d2012 215 $aXLIII, 192 p.$d24 cm 225 1 $a<>corrispondenze letterarie, scientifiche ed erudite dal Rinascimento all'età moderna$iSubsidia$v15 610 0 $aAnalogia$aTeologia cristiana 676 $a230.01$v22$zita 700 1$aCampagnola,$bFrancesco$0478360 801 0$aIT$bUNINA$gREICAT$2UNIMARC 901 $aBK 912 $a990009931270403321 952 $aII L 113$b50122$fFSPBC 959 $aFSPBC 996 $aTeorie dell'analogia tra Irlanda e Inghilterra nel secolo XVIII$9264452 997 $aUNINA LEADER 01213nam0 2200313 450 001 000026118 005 20090629103926.0 010 $a3-423-04324-5 100 $a20090629d1979----km-y0itaa50------ba 101 0 $ager 102 $aDE 200 1 $a<> Ursprung der modernen Kunst und Literatur$edie Entwicklung des Manierismus seit der Krise der Renaissance$fArnold Hauser 210 $aMünchen$cDeutscher Taschenbuch Verlag$d1979 215 $aXX, 425 p.$cill.$d19 cm 225 2 $aDeutscher Taschenbuch Verlag Wissenschaft 410 0$12001$aDeutscher Taschenbuch Verlag Wissenschaft 606 1 $aArte$xSaggi 606 1 $aLetteratura$xSaggi 606 1 $aManierismo$xSaggi 676 $a830$v(21. ed.)$9Letterature germaniche. Letteratura tedesca 700 1$aHauser,$bArnold$024736 801 0$aIT$bUniversità della Basilicata - B.I.A.$gRICA$2unimarc 912 $a000026118 996 $aUrsprung der modernen Kunst und Literatur$989606 997 $aUNIBAS BAS $aLETTERE CAT $aEXT10$b01$c20090629$lBAS01$h1039 FMT Z30 -1$lBAS01$LBAS01$mBOOK$1BASA1$APolo Storico-Umanistico$2FMAS$BFondo Masini$3FMas/817/2856$6817/2856$5B817/2856$820090629$f04$FPrestabile Didattica